书目信息 |
| 题名: |
新能源汽车概论
|
|
| 作者: | 崔胜民 主编 | |
| 分册: | ||
| 出版信息: | 北京 北京大学出版社 2021.6 |
|
| 页数: | 235页 | |
| 开本: | 26cm | |
| 丛书名: | ||
| 单 册: | ||
| 中图分类: | U469.7 | |
| 科图分类: | ||
| 主题词: | 新能源--汽车--高等学校--教材 | |
| 电子资源: | ||
| ISBN: | 978-7-301-31007-6 | |
| 000 | 01234nam0 2200277 45 | |
| 001 | 012001000205 | |
| 005 | 20211012142608.47 | |
| 010 | @a978-7-301-31007-6@dCNY45.00 | |
| 100 | @a20200709d2020 em y0chiy50 ea | |
| 101 | 0 | @achi |
| 102 | @aCN@b110000 | |
| 105 | @aa az 000yy | |
| 106 | @ar | |
| 200 | 1 | @a新能源汽车概论@Axin neng yuan qi che gai lun@b专著@f崔胜民主编 |
| 205 | @a3版 | |
| 210 | @a北京@c北京大学出版社@d2021.6 | |
| 215 | @a235页@c图@d26cm | |
| 300 | @a“十三五”普通高等教育本科规划教材 高等院校汽车专业“互联网+”创新规划教材 | |
| 307 | @a实际页数为:236 | |
| 320 | @a有书目(第236页) | |
| 330 | @a本书介绍了能源的定义与分类、新能源汽车的定义与分类、发展新能源汽车的必要性及新能源汽车技术路线;详细描述了纯电动汽车、增程式电动汽车、混合动力电动汽车、燃料电池电动汽车的结构、原理及特点等;全面系统地论述了电动汽车用动力电池、电动汽车用电动机、电动汽车能源管理和回收系统、电动汽车充电技术;介绍了新能源汽车向智能网联汽车和无人驾驶汽车发展过程中涉及的汽车轻量化技术、汽车网络技术、汽车环境感知技术和汽车优选驾驶辅助系统。 | |
| 606 | 0 | @a新能源@x汽车@x高等学校@j教材 |
| 690 | @aU469.7@v5 | |
| 701 | 0 | @a崔胜民@ACui Sheng Min@4主编 |
| 801 | 0 | @aCN@bBJSDL@c20211011 |
| 905 | @b1330788-91@dU469.7@e1005=3@f4 | |
| 新能源汽车概论/崔胜民主编.-3版.-北京:北京大学出版社,2021.6 |
| 235页:图;26cm |
| “十三五”普通高等教育本科规划教材 高等院校汽车专业“互联网+”创新规划教材 |
| ISBN 978-7-301-31007-6:CNY45.00 |
| 本书介绍了能源的定义与分类、新能源汽车的定义与分类、发展新能源汽车的必要性及新能源汽车技术路线;详细描述了纯电动汽车、增程式电动汽车、混合动力电动汽车、燃料电池电动汽车的结构、原理及特点等;全面系统地论述了电动汽车用动力电池、电动汽车用电动机、电动汽车能源管理和回收系统、电动汽车充电技术;介绍了新能源汽车向智能网联汽车和无人驾驶汽车发展过程中涉及的汽车轻量化技术、汽车网络技术、汽车环境感知技术和汽车优选驾驶辅助系统。 |
| ● |
| 相关链接 |
|
|
|
|
正题名:新能源汽车概论
索取号:U469.7/1005=3
 
预约/预借
| 序号 | 登录号 | 条形码 | 馆藏地/架位号 | 状态 | 备注 |
| 1 | 1330788 | 213307884 | 第二样本阅览室/ [索取号:U469.7/1005=3] | 在馆 | |
| 2 | 1330789 | 213307893 | 第三借阅区/ [索取号:U469.7/1005=3] | 在馆 | |
| 3 | 1330790 | 213307900 | 第三借阅区/ [索取号:U469.7/1005=3] | 在馆 | |
| 4 | 1330791 | 213307919 | 第三借阅区/ [索取号:U469.7/1005=3] | 在馆 |